LEADER 01168nam a2200241 i 4500 001 000000038714 003 CaOOAMICUS 005 20121228000000.0 008 121228s1985 it u000 u ita u 013 $a9322 040 $aSeMil$bita 245 10$aBusto Arsizio :$bstoria di una cittą attraverso le sue vie e le sue piazze /$ca cura di Giampiero Magugliani ; con la collaborazione di Adelio Bellotti ... [et al.] ; presentazione di Giuseppe Scarazzini. 260 $aBusto Arsizio :$bComune di Busto Arsizio,$c1985. 300 $a284 p. ;$c24 cm. 650 4$aBusto Arsizio.$0(OLS)http://semarc/subject/7680 700 1 $aMagugliani, Giampiero.$0(OLS)http://semarc/name/18636 700 1 $aScarazzini, Giuseppe.$0(OLS)http://semarc/name/18638 700 1 $aBellotti, Adelio.$0(OLS)http://semarc/name/18637 850 $aSeMil 852 $aSeMil$W1$xVenegono$y1$m3P V 143$j4869$B4869$CSeMilBibl$Z2$F4869 $81 961 $aOmaggio: Deposito 996 $6245$aBusto Arsizio :$bstoria di una cittą attraverso le sue vie e le sue piazze$9(OLS)http://semarc/title/54776 996 $6260$aBusto Arsizio :$bComune di Busto Arsizio$9(OLS)http://semarc/publisher/35973 LEADER 01249nam a2200193 i 4500 001 000000241326 003 CaOOAMICUS 005 20150428000000.0 008 150428s1662 it u000 u lat u 013 $a220231 026 $a2.i- o-s- mea- ruIe (3) 1662 (R) 040 $aSeMil$bita 245 10$aBibliotheca Patrum concionatoria, a feria quarta Cinerum, seu a capite ieiunii, ad dominicam quartam Quadragesimę. Opera et studio F. Francisci Combefis ... Tomus 2. 300 $a[8], 766 [i.e. 760] p. 500 $aSegn. : a4 A4 B-3R6 3T4. - Ripetute nella num. le p. 291-294, omesse le p. 481-490. 773 0 $tBibliotheca Patrum concionatoria, hoc est anni totius Evangelia. Festa dominica; Sanctissimae Deiparae, illustriorumque sanctorum solennia ... Opera et studio F. Francisci Combefis ... Omnia octo voluminibus comprehensa.$dParisiis : Sumptibus Antonii Bertier, viā Iacobaeā, sub signo Fortunae, 1662.$g2$w()31810 850 $aSeMil 852 $aSeMil$W1$xVenegono$y1$m3D VI 81 FA$j191672$B191672$CSeMilBibl$Z2$F202471 $8I 996 $6245$aBibliotheca Patrum concionatoria, a feria quarta Cinerum, seu a capite ieiunii, ad dominicam quartam Quadragesimę. Opera et studio F. Francisci Combefis ... Tomus 2$9(OLS)http://semarc/title/343019